000
00211 a2200097 4500
001
42944
100
_a
Jayakar P
245
_a
Indira Gandhi
260
_a
New Delhi
_b
Luster press ltd
_c
090
_c
26825
_d
26825
942
_a
NUST-CAE
_c
M
_c
18697
999
_c
278017
_d
278017